00390nam a2200157Ia 4500008004100000020002100041041000800062082001500070100001900085245002000104260004600124300001200170365001200182650002300194650001500217210719s2020 xx 000 0 und d a978-000-844737-3 aeng a158.1 BYRG aBYRNE (Rhonda) aGreatest secret aLondonbHarper & Collins Publishersc2020 a256bHB b799cRs aApplied Psychology aPsychology